Проблемы региональной экологии и оценка перспектив их разрешения; Четвертый Региональный научно-технический семинар по ноосферным взаимодействиям (ноосферные взаимодействия и экология)

Bibliografiske detaljer
Parent link:Четвертый Региональный научно-технический семинар по ноосферным взаимодействиям (ноосферные взаимодействия и экология).— 1991.— С. 21
Hovedforfatter: Лунев В.И.
Andre forfattere: Похолков Ю. П. Юрий Петрович
Sprog:russisk
Udgivet: 1991
Fag:
Format: MixedMaterials Book Chapter
KOHA link:https://koha.lib.tpu.ru/cgi-bin/koha/opac-detail.pl?biblionumber=165426

MARC

LEADER 00000naa2a2200000 4500
001 165426
005 20240914063138.0
035 |a (RuTPU)RU\TPU\book\179451 
090 |a 165426 
100 |a 20090918d1991 m y0rusy50 ca 
101 0 |a rus 
102 |a RU 
200 1 |a Проблемы региональной экологии и оценка перспектив их разрешения  |f В.И. Лунев, Ю. П. Похолков 
463 0 |0 (RuTPU)RU\TPU\book\31928  |t Четвертый Региональный научно-технический семинар по ноосферным взаимодействиям (ноосферные взаимодействия и экология)  |o тезисы докладов, 16-17 мая 1991 г.  |f ТПУ; СибНИЦ АЯ  |v С. 21  |d 1991  |p 91 с. 
610 1 |a труды учёных ТПУ 
700 1 |a Лунев  |b В.И. 
701 1 |a Похолков  |b Ю. П.  |c специалист в области электротехники, доктор технических наук  |c ректор Томского политехнического университета (1990-2008), профессор  |f 1939-  |g Юрий Петрович  |x TPU  |y Томск  |3 (RuTPU)RU\TPU\pers\10508  |9 2235 
801 1 |a RU  |b 63413507  |c 20090918 
801 2 |a RU  |b 63413507  |c 20130912  |g RCR 
942 |c BK